000 00653nam a2200217Ii 4500
003 JO-AjNU
008 230606s9999||||xx |||||||||||||| ||und||
020 _a0-07-255347-2
040 _aJO-AjNU
_beng
_erda
_cJO-AjNU
041 _aeng
050 1 4 _aHF5548.32.R393.2004
100 3 _aRayport,Jeffrey F/ Jaworski,Bernard J,
_eauthor
_9901
245 0 0 _aIntroduction to E-Commerce
250 _a2 ed
264 3 1 _aBoston: Mc Graw Hill ,2004
300 _a516p
_bglossary(493-501)p, indexes(503-516)
336 _atext
_btxt
_2rdacontent
337 _aunmediated
_bn
_2rdamedia
338 _avolume
_bnc
_2rdacarrier
650 4 _aElectronic commerce
_9902
999 _aE475
_c475
_d475